<?xml version="1.0" encoding="UTF-8"?>
<record
    xmlns:xsi="http://www.w3.org/2001/XMLSchema-instance"
    xsi:schemaLocation="http://www.loc.gov/MARC21/slim http://www.loc.gov/standards/marcxml/schema/MARC21slim.xsd"
    xmlns="http://www.loc.gov/MARC21/slim">

  <leader>01599nam a22001817a 4500</leader>
  <controlfield tag="003">IT-RoPau</controlfield>
  <controlfield tag="005">20220918175938.0</controlfield>
  <controlfield tag="008">130119b        xxu||||| |||| 00| 0 eng d</controlfield>
  <datafield tag="040" ind1=" " ind2=" ">
    <subfield code="c">IT-RoPau</subfield>
  </datafield>
  <datafield tag="100" ind1=" " ind2=" ">
    <subfield code="a">Lamera Stefano</subfield>
    <subfield code="9">196</subfield>
  </datafield>
  <datafield tag="245" ind1=" " ind2=" ">
    <subfield code="a">Lo spirito del Servo di Dio Don Giaccardo </subfield>
    <subfield code="b">della Pia Societ&#xE0; San Paolo. </subfield>
  </datafield>
  <datafield tag="250" ind1=" " ind2=" ">
    <subfield code="a">III</subfield>
  </datafield>
  <datafield tag="260" ind1=" " ind2=" ">
    <subfield code="a">Albano</subfield>
    <subfield code="b">SSP</subfield>
    <subfield code="c">1980</subfield>
  </datafield>
  <datafield tag="300" ind1=" " ind2=" ">
    <subfield code="a">398 p.</subfield>
    <subfield code="c">21 cm</subfield>
  </datafield>
  <datafield tag="490" ind1=" " ind2=" ">
    <subfield code="a">Edizioni Paoline</subfield>
    <subfield code="v">I</subfield>
  </datafield>
  <datafield tag="520" ind1=" " ind2=" ">
    <subfield code="a">Indice

Prefazione
Presentazione

                                            Parte Prima

                                          Cenni biografici

Capitolo I. - Un nuovo fiore
Capitolo II. - Il nuovo fiore in serra
Capitolo III. - Il Chierico Seminarista
Capitolo IV. - Il nuovo fiore nel suo giardino
Capitolo V. - Primo Sacerdote della Pia Societ&#xE0; San 
       Paolo
Capitolo VI. - Nome di vita
Capitolo VII. - Fondazione della Casa di Roma
Capitolo VIII. - D. Timoteo nel suo secondo mi
        nistero
Capitolo IX. - D. Timoteo e le Congregazioni Pao-
           line
Capitolo X. - La Consumazione

                                        Parte Seconda
                                           Suo spirito

Capitolo XI. - L' uomo
Capitolo XII. - Il Cristiano
Capitolo XIII. - Il Religioso
Capitolo XIV. - Il Sacerdote
Capitolo XV. - Direttore di anime
Capitolo XVI. - Il Paolino
Capitolo XVII. - I tre grandi amori
Capitolo XVIII. - Il suo gran Cuore
Capitolo XIX. - Nella piccola Via

                                           Parte Terza

                                       Sua intercessione

In memoria aeterna</subfield>
  </datafield>
  <datafield tag="942" ind1=" " ind2=" ">
    <subfield code="2">ddc</subfield>
    <subfield code="c">BK</subfield>
  </datafield>
  <datafield tag="999" ind1=" " ind2=" ">
    <subfield code="c">37797</subfield>
    <subfield code="d">37797</subfield>
  </datafield>
  <datafield tag="952" ind1=" " ind2=" ">
    <subfield code="0">0</subfield>
    <subfield code="1">0</subfield>
    <subfield code="2">ddc</subfield>
    <subfield code="4">0</subfield>
    <subfield code="6">P_B3</subfield>
    <subfield code="7">1</subfield>
    <subfield code="a">PAULUS</subfield>
    <subfield code="b">PAULUS</subfield>
    <subfield code="d">2013-01-19</subfield>
    <subfield code="l">0</subfield>
    <subfield code="o">P B3</subfield>
    <subfield code="r">2013-01-19 00:00:00</subfield>
    <subfield code="w">2013-01-19</subfield>
    <subfield code="y">BK</subfield>
  </datafield>
  <datafield tag="952" ind1=" " ind2=" ">
    <subfield code="0">0</subfield>
    <subfield code="1">0</subfield>
    <subfield code="2">ddc</subfield>
    <subfield code="4">0</subfield>
    <subfield code="6">P_B3</subfield>
    <subfield code="7">1</subfield>
    <subfield code="a">PAULUS</subfield>
    <subfield code="b">PAULUS</subfield>
    <subfield code="d">2013-01-19</subfield>
    <subfield code="l">0</subfield>
    <subfield code="o">P B3</subfield>
    <subfield code="r">2013-01-19 00:00:00</subfield>
    <subfield code="w">2013-01-19</subfield>
    <subfield code="y">BK</subfield>
  </datafield>
  <datafield tag="952" ind1=" " ind2=" ">
    <subfield code="0">0</subfield>
    <subfield code="1">0</subfield>
    <subfield code="2">ddc</subfield>
    <subfield code="4">0</subfield>
    <subfield code="6">P_B3</subfield>
    <subfield code="7">1</subfield>
    <subfield code="a">PAULUS</subfield>
    <subfield code="b">PAULUS</subfield>
    <subfield code="d">2013-12-14</subfield>
    <subfield code="l">0</subfield>
    <subfield code="o">P B3</subfield>
    <subfield code="r">2013-12-14 00:00:00</subfield>
    <subfield code="w">2013-12-14</subfield>
    <subfield code="y">BK</subfield>
  </datafield>
  <datafield tag="952" ind1=" " ind2=" ">
    <subfield code="0">0</subfield>
    <subfield code="1">0</subfield>
    <subfield code="2">ddc</subfield>
    <subfield code="4">0</subfield>
    <subfield code="6">P_B3</subfield>
    <subfield code="7">1</subfield>
    <subfield code="a">PAULUS</subfield>
    <subfield code="b">PAULUS</subfield>
    <subfield code="d">2013-12-14</subfield>
    <subfield code="l">0</subfield>
    <subfield code="o">P B3</subfield>
    <subfield code="r">2013-12-14 00:00:00</subfield>
    <subfield code="w">2013-12-14</subfield>
    <subfield code="y">BK</subfield>
  </datafield>
</record>
